00747 2200265 4500001002100000005001700021008004100038020002200079035002400101040001200125041000800137082001600145084001600161090002000177100003000197245007700227260003300304300002800337504002900365650002000394700001700414700001600431850001200447990002200459INLIS00000000002890620170811091625.0  a978-602-401-249-6 0010-071700000000076 aYOPDYOG0 aind042[23]a340.1 a340.1 Adn S aDEP 340.1 Adn S0 aADNAN MURYA,cH.d, 1954-1 aSari filsafat hukumc/ H. Adnan Murya, Urip Sucipto; editor, Kodrat Alam aYogyakartabDeepublishc2016 aviii, 99 hlm.c; 19 cm. aBibliografi : hlm. 97-99 4aHukumxFilsafat0 aUrip Sucipto0 aKodrat Alam aYOPDYOG aCB-D.11/2016-2195